000 00616nam a22001817a 4500
003 CEME
005 20210628204034.0
008 210114b xxu||||| |||| 00| 0 eng d
020 _a9788131517871
040 _cceme
082 _a621.3 PRA
100 _aPrasad, P.V , Sivanagaraju, S
_968379
245 _aElectrical engineering , electrical engineering-applications. Introduction to networks.measuring instruments.
260 _aINDIA
_bCENGAGE LEARNING
_c2012
300 _aXVI, 639P
650 _aELECTRICAL ENGINEERING-APPLICATIONS. INTRODUCTION TO NETWORKS.MEASURING INSTRUMENTS.
_968380
942 _cBK
_2ddc
999 _c575975
_d575975